[Event "Olomouc op 19th"]
[Site "Olomouc"]
[Date "2016.08.16"]
[Round "5"]
[White "Jedynak, Radoslaw"]
[Black "Arvanitakis, Panagiotis"]
[Result "1-0"]
[WhiteElo "2396"]
[BlackElo "1639"]
[PlyCount "63"]
[EventDate "2016.08.13"]
[EventType "swiss"]
[EventRounds "9"]
[EventCountry "CZE"]
[SourceTitle "CBM 173 Extra"]
[Source "ChessBase"]
[SourceDate "2016.08.29"]
[SourceVersion "1"]
[SourceVersionDate "2016.08.29"]
[SourceQuality "1"]

1. d4 e6 2. e4 d5 3. Nd2 Nf6 4. e5 Ne4 5. Bd3 Nxd2 6. Bxd2 c5 7. c3 Nc6 8. Nf3 Qb6 9. 0-0 c4 10. Bc2 Qxb2 11. Rc1 Qb6 12. Ng5 Qc7 13. Nxh7 Be7 14. Qh5 Rg8 15. Bg5 Nd8 16. Bxe7 Qxe7 17. Qg4 Kd7 18. Nf6+ gxf6 19. Qxg8 fxe5 20. dxe5 a6 21. f4 Nc6 22. f5 Nxe5 23. Rce1 Qc5+ 24. Kh1 Nd3 25. Bxd3 cxd3 26. fxe6+ fxe6 27. Rxe6 Kc7 28. Qg3+ Kd7 29. Rf7+ Kxe6 30. Qg6+ Ke5 31. Qf6+ Ke4 32. Qf4# 1-0

[Event "Ambelokipi op 136th"]
[Site "Athens"]
[Date "2013.08.07"]
[Round "6"]
[White "Arvanitakis, Panagiotis"]
[Black "Kouvaras, Andreas"]
[Result "1/2-1/2"]
[WhiteElo "1644"]
[BlackElo "1380"]
[PlyCount "72"]
[EventDate "2013.07.31"]
[EventType "swiss"]
[EventRounds "7"]
[EventCountry "GRE"]
[SourceTitle "EXT 2024"]
[Source "ChessBase"]
[SourceDate "2023.10.10"]
[SourceVersion "1"]
[SourceVersionDate "2023.10.10"]
[SourceQuality "1"]

1. e3 b6 2. d4 Bb7 3. Nf3 e6 4. b3 Ne7 5. Bb2 d6 6. Be2 h6 7. c4 Nd7 8. b4 a5 9. a3 g5 10. 0-0 Bg7 11. Nc3 0-0 12. Rc1 Ng6 13. Na4 Qe7 14. c5 bxc5 15. bxc5 dxc5 16. Nxc5 Nxc5 17. Rxc5 Bd5 18. Qa1 Ra7 19. Rfc1 Rb8 20. Bc3 a4 21. Bb4 Qd7 22. R1c3 Bf8 23. Ra5 Rxa5 24. Bxa5 c5 25. dxc5 Bg7 26. Nd4 Bc6 27. Qc1 Bxd4 28. exd4 Qxd4 29. Bb6 Nf4 30. Bf1 Bxg2 31. Bc7 Rc8 32. Bxf4 Bxf1 33. Be3 Qe4 34. Qxf1 Qg4+ 35. Kh1 Qf3+ 36. Qg2 Qd1+ 1/2-1/2

[Event "Ambelokipi op 136th"]
[Site "Athens"]
[Date "2013.08.06"]
[Round "5"]
[White "Koukas, Anastasios"]
[Black "Arvanitakis, Panagiotis"]
[Result "1-0"]
[WhiteElo "1538"]
[BlackElo "1644"]
[PlyCount "103"]
[EventDate "2013.07.31"]
[EventType "swiss"]
[EventRounds "7"]
[EventCountry "GRE"]
[SourceTitle "EXT 2024"]
[Source "ChessBase"]
[SourceDate "2023.10.10"]
[SourceVersion "1"]
[SourceVersionDate "2023.10.10"]
[SourceQuality "1"]

1. e4 d5 2. exd5 Nf6 3. c4 e6 4. dxe6 Bxe6 5. Nf3 Nc6 6. d4 Bb4+ 7. Bd2 Qe7 8. Bxb4 Qxb4+ 9. Qd2 0-0-0 10. d5 Rhe8 11. Be2 Bf5 12. Nc3 Qxc4 13. 0-0 Qc5 14. Qg5 Ne7 15. Qxg7 Nexd5 16. Nxd5 Nxd5 17. Rac1 Qb6 18. Bc4 Rg8 19. Qe5 Bh3 20. Nh4 Qf6 21. Qxf6 Nxf6 22. Kh1 Rg4 23. gxh3 Rxh4 24. Bxf7 Rf8 25. Be6+ Kb8 26. Kg2 Nh5 27. Rc4 Rxc4 28. Bxc4 a6 29. Re1 Nf6 30. Re7 h5 31. Rf7 Rg8+ 32. Kf3 Rg6 33. Rf8+ Ka7 34. Rh8 Rg1 35. Rh6 Nd7 36. Rxh5 Rh1 37. Kg2 Rb1 38. f4 Rxb2+ 39. Kg3 Nf6 40. Re5 Rb4 41. Bb3 Ne4+ 42. Kg2 Nd2 43. f5 Nxb3 44. axb3 Rf4 45. Kg3 Rf1 46. Kg4 Kb6 47. Re3 Kc6 48. Rf3 Rg1+ 49. Kh5 Rg8 50. f6 Kd6 51. f7 Rf8 52. Kg6 1-0

[Event "Athens op 03-A"]
[Site "Athens"]
[Date "2012.03.13"]
[Round "2"]
[White "Arvanitakis, Panagiotis"]
[Black "Nikolaidis, Georgios"]
[Result "0-1"]
[WhiteElo "1579"]
[BlackElo "1822"]
[PlyCount "47"]
[EventDate "2012.03.06"]
[EventType "swiss"]
[EventRounds "7"]
[EventCountry "GRE"]
[SourceTitle "EXT 2014"]
[Source "ChessBase"]
[SourceDate "2013.11.20"]
[SourceVersion "1"]
[SourceVersionDate "2013.11.20"]
[SourceQuality "1"]

1. e3 e5 2. d4 exd4 3. exd4 d5 4. Nf3 Nf6 5. Nbd2 Nc6 6. Be2 Bd6 7. Nf1 0-0 8. Ne3 Re8 9. 0-0 Ne7 10. g3 Ng6 11. Ng2 Bh3 12. Re1 Bxg2 13. Kxg2 Qd7 14. Be3 Re7 15. Bg5 Re6 16. Bd3 Ne4 17. c4 Nxg5 18. Nxg5 Rxe1 19. Qxe1 Qg4 20. Bxg6 hxg6 21. Qe3 dxc4 22. Ne4 Qe6 23. a4 Re8 24. Rc1 0-1

[Event "Ambelokipi op 118th"]
[Site "Athens"]
[Date "2011.10.08"]
[Round "1"]
[White "Sienczewski, Zbigniew"]
[Black "Arvanitakis, Panagiotis"]
[Result "1-0"]
[WhiteElo "2084"]
[BlackElo "1548"]
[PlyCount "79"]
[EventDate "2011.10.08"]
[EventType "swiss"]
[EventRounds "7"]
[EventCountry "GRE"]
[SourceTitle "EXT 2024"]
[Source "ChessBase"]
[SourceDate "2023.10.10"]
[SourceVersion "1"]
[SourceVersionDate "2023.10.10"]
[SourceQuality "1"]

1. c4 e6 2. Nf3 d5 3. b3 Ne7 4. g3 Nd7 5. Bb2 f6 6. Bg2 g6 7. Ng5 Ne5 8. 0-0 Bg7 9. Nh3 0-0 10. d4 Nd7 11. Nf4 Nb6 12. c5 e5 13. dxe5 fxe5 14. cxb6 exf4 15. Bxg7 Kxg7 16. Qd4+ Kg8 17. bxc7 Qxc7 18. Nc3 Be6 19. Nxd5 Nxd5 20. Bxd5 Qf7 21. Rad1 Bxd5 22. Qxd5 Qxd5 23. Rxd5 Rae8 24. Rd2 Re7 25. Rc1 fxg3 26. hxg3 Rfe8 27. e3 Kf7 28. Rc4 h5 29. Kf1 Re6 30. Rc7+ R8e7 31. Rdd7 Rxd7 32. Rxd7+ Kf6 33. Rxb7 Ra6 34. a4 Kf5 35. Kg2 Ke4 36. Rd7 Ke5 37. Rd4 Rb6 38. b4 a6 39. f4+ Ke6 40. Kf3 1-0